| 000 | 02138cam a2200481Ia 4500 | ||
|---|---|---|---|
| 001 | 871333580 | ||
| 003 | OCoLC | ||
| 005 | 20200103095633.0 | ||
| 008 | 140226s2011 meua a 000 1 spa d | ||
| 020 | _a9781846434051 | ||
| 020 | _a184643405X | ||
| 035 | _a(OCoLC)871333580 | ||
| 040 |
_aBTCTA _beng _cBTCTA _dWIM _dSX@ |
||
| 041 | 1 |
_aspa _aeng _heng |
|
| 049 | _aSX@A | ||
| 082 | 0 | 4 |
_a[E] _223 |
| 099 | _aWood, D. | ||
| 100 | 1 |
_aWood, Don, _d1945- |
|
| 240 | 1 | 0 |
_aLittle mouse, the red ripe strawberry, and the big hungry bear. _lSpanish & English. |
| 245 | 1 | 0 |
_aEl ratoncito, la fresa roja y madura y el gran oso hambriento = _bThe little mouse, the red ripe strawberry, and the big hungry bear / _cby Don and Audrey Wood ; illustrated by Don Wood ; [traduccion por Teresa Mlawer ; version bilingue por Yanitzia Canetti]. |
| 246 | 3 | 1 | _aThe little mouse, the red ripe strawberry, and the big hungry bear |
| 260 |
_aAuburn, Maine : _bChild's Play Inc., _c[2011, c1984]. |
||
| 300 |
_a1 volume ([24] unnumbered pages) : _bcolor illustrations ; _c16 cm. |
||
| 500 | _aTitle from cover. | ||
| 500 | _aOn board pages = En paginas de carton duro. | ||
| 500 | _aTranslation of: The little mouse, the red ripe strawberry and the big hungry bear. | ||
| 500 | _aOriginally published: Swindon : Child's Play (International) Ltd., 1984. | ||
| 520 | _aLittle Mouse worries that the big, hungry bear will take his freshly picked, ripe, red strawberry for himself. | ||
| 520 | _aEl ratoncito hara cualquier cosa para evitar que el gran oso hambriento le quite su fresa. | ||
| 546 | _aBilingual text in English and Spanish. | ||
| 650 | 0 |
_aMice _vJuvenile fiction. |
|
| 650 | 7 |
_aRatones _vNovela juvenil _2bidex. |
|
| 650 | 0 |
_aStrawberries _vJuvenile fiction. |
|
| 650 | 7 |
_aFresas _vNovela juvenil _2sfpl. |
|
| 650 | 0 |
_aBears _vJuvenile fiction. |
|
| 650 | 7 |
_aOsos _vNovela juvenil _2bidex. |
|
| 650 | 0 |
_aSpanish language materials _xBilingual. |
|
| 650 | 7 |
_aMateriales en espanol, Bilingues _2qlsp. |
|
| 700 | 1 | _aWood, Audrey. | |
| 700 | 1 |
_aMlawer, Teresa. _4trl. |
|
| 700 | 1 |
_aCanetti, Yanitzia, _d1967- |
|
| 942 |
_cBK _2ddc |
||
| 999 |
_c23501 _d23501 |
||